Guerra propia, guerra ajena : (Registro nro. 4016)

Detalles MARC
000 -LEADER
fixed length control field 01515nam a2200265Ia 4500
003 - CONTROL NUMBER IDENTIFIER
control field OSt
005 - DATE AND TIME OF LATEST TRANSACTION
control field 20200407030028.0
008 - FIXED-LENGTH DATA ELEMENTS--GENERAL INFORMATION
fixed length control field 191128s2015 ck gr 000 0 spa d
020 ## - INTERNATIONAL STANDARD BOOK NUMBER
International Standard Book Number 9789585906853
040 ## - CATALOGING SOURCE
Original cataloging agency CO-JMCR
Transcribing agency CO-JMCR
041 0# - LANGUAGE CODE
Language code of text/sound track or separate title spa
082 04 - DEWEY DECIMAL CLASSIFICATION NUMBER
Classification number 322.420986 /
Item number P359g
Edition number 21
100 1# - MAIN ENTRY--PERSONAL NAME
Personal name Peñaranda Supelano, Daniel Ricardo,
Relator term autor
9 (RLIN) 2649
245 10 - TITLE STATEMENT
Title Guerra propia, guerra ajena :
Remainder of title conflictos armados y reconstrucción identitaria en los Andes colombianos, el movimiento Armando Quintín Lame /
Statement of responsibility, etc. Daniel Ricardo Peñaranda Supelano
250 ## - EDITION STATEMENT
Edition statement Primera edición
260 ## - PUBLICATION, DISTRIBUTION, ETC.
Place of publication, distribution, etc. Bogotá :
Name of publisher, distributor, etc. Centro de Memoria Histórica : Universidad Nacional de Colombia,
Date of publication, distribution, etc. 2015
300 ## - PHYSICAL DESCRIPTION
Extent 395 páginas ;
Dimensions 23 cm.
504 ## - BIBLIOGRAPHY, ETC. NOTE
Bibliography, etc. note Bibliografía: páginas 371-395
505 0# - FORMATTED CONTENTS NOTE
Formatted contents note Conflictos armados y movilización social -- Guerrillas e indígenas en América Latina : tan cerca y tan lejos -- Tradiciones de resistencia y reconstrucción identitaria en el sur-occidente colombiano -- De la autodefensa a la movilización armada
520 ## - SUMMARY, ETC.
Summary, etc. En el complejo escenario de guerras cruzadas que ha enfrentado Colombia durante las últimas cinco décadas el caso del Movimiento Armado Quitín Lame llama la atención por su singularidad.
650 14 - SUBJECT ADDED ENTRY--TOPICAL TERM
Topical term or geographic name entry element Movimientos revolucionarios
General subdivision historia
Chronological subdivision 1985-1991
Geographic subdivision Cauca(Colombia)
9 (RLIN) 2650
650 14 - SUBJECT ADDED ENTRY--TOPICAL TERM
Topical term or geographic name entry element Movimientos indígenas
General subdivision historia
Chronological subdivision 1985-1991
Geographic subdivision Cauca(Colombia)
9 (RLIN) 2651
650 14 - SUBJECT ADDED ENTRY--TOPICAL TERM
Topical term or geographic name entry element Movimiento armado Quintín Lame
General subdivision historia
Chronological subdivision 1985-1991
Geographic subdivision Colombia
9 (RLIN) 2652
942 ## - ADDED ENTRY ELEMENTS (KOHA)
Source of classification or shelving scheme Dewey Decimal Classification
Koha item type Books
Existencias
Withdrawn status Lost status Source of classification or shelving scheme Damaged status Not for loan Collection code Home library Current library Date acquired Source of acquisition Cost, normal purchase price Total Checkouts Full call number Barcode Date last seen Date last checked out Copy number Koha item type
    Dewey Decimal Classification     Non-fiction Biblioteca Pública José María del Castillo y Rada Biblioteca Pública José María del Castillo y Rada 04/15/2018 Donación 0.00 2 322.420986 / P359g 201808809 04/08/2026 04/08/2026 Ej.1 Books